| 000 | 00564nam a2200193Ia 4500 | ||
|---|---|---|---|
| 005 | 20250508150622.0 | ||
| 008 | 008 250505s9999 xx 000 0 eng d | ||
| 037 | _aBooks to be hide in OPAC | ||
| 040 |
_aFEDL _beng _cFEDL |
||
| 041 |
_aeng _2eng |
||
| 084 | _qFEDL | ||
| 100 | _aGoldman Regina Ed. | ||
| 245 | 0 | _aCommulative book index: World list of books in the englsih language | |
| 260 |
_aNew York, USA _bThe H W Wilson Company _c1948 |
||
| 300 | _avii,620p. | ||
| 700 |
_a Thompson Nina R Ed. _9757206 |
||
| 942 | _cHB | ||
| 999 |
_c1324616 _d1324616 |
||